Tārīkh dawlat abāṭirat al-Maghūl al-Islāmīyah fī al-Hind (Record no. 50657)

MARC details
000 -LEADER
fixed length control field 00740cam a22002411 4500
001 - CONTROL NUMBER
control field ne 68003003
003 - CONTROL NUMBER IDENTIFIER
control field DLC
005 - DATE AND TIME OF LATEST TRANSACTION
control field 20260227111845.0
008 - FIXED-LENGTH DATA ELEMENTS--GENERAL INFORMATION
fixed length control field 891109s1968 ua abc b 000 0 ara
010 ## - LIBRARY OF CONGRESS CONTROL NUMBER
LC control number ne 68003003
025 ## - OVERSEAS ACQUISITION NUMBER
Overseas acquisition number PL480:UAR-9643
035 ## - SYSTEM CONTROL NUMBER
System control number (OCoLC)20620559
040 ## - CATALOGING SOURCE
Original cataloging agency DLC
Transcribing agency WaU
Modifying agency WaU
-- DLC
042 ## - AUTHENTICATION CODE
Authentication code premarc
043 ## - GEOGRAPHIC AREA CODE
Geographic area code a-ii---
050 00 - LIBRARY OF CONGRESS CALL NUMBER
Classification number DS461
Item number .S52
100 1# - MAIN ENTRY--PERSONAL NAME
Personal name Shayyāl, Jamāl al-Dīn.
245 10 - TITLE STATEMENT
Title Tārīkh dawlat abāṭirat al-Maghūl al-Islāmīyah fī al-Hind
Statement of responsibility, etc. [taʼlīf] Jamāl al-Dīn al-Shayyāl.
260 ## - PUBLICATION, DISTRIBUTION, ETC.
Place of publication, distribution, etc. al-Iskandarīyah,
Name of publisher, distributor, etc. Munshāʼat al-Maʻārif,
Date of publication, distribution, etc. 1968.
300 ## - PHYSICAL DESCRIPTION
Extent 189 p.
Other physical details illus., maps, ports.
Dimensions 24 cm.
504 ## - BIBLIOGRAPHY, ETC. NOTE
Bibliography, etc. note Bibliography: p. [167]-175.
651 #0 - SUBJECT ADDED ENTRY--GEOGRAPHIC NAME
Geographic name Mogul Empire.

No items available.

Powered by Koha